000 00748nam a2200241 i 4500
001 bgj
100 1 _aCOPAGE, Judy
245 1 0 _aFirst Certificate Writing :
_bwriting : teacher's book /
_cJudy Copage.
260 _aHarlow, Essex :
_bLongman,
_c2004.
300 _a25 pp ;
_c29 cm.
490 1 _aLongman Exam Skills
650 9 _aEnglish language
_xExaminations, questions, etc.
650 9 _aEnglish language
_xAssessment tests
650 9 _aEnglish language
_xFirst Certificate tests
650 9 _aEnglish language
_xWriting |First Certificate tests
830 _aLongman Exam Skills
020 _a0582363349
040 _cBPK
041 0 _aeng
920 _a0-582-36334-9
942 _cKS
008 s uk f |000 0 eng
999 _c48766
_d48766